Du Role De L'autorité Judiciaire Dans La Procédure D'extradition Passive / (Record no. 72535)
[ view plain ]
| 000 -LEADER | |
|---|---|
| fixed length control field | 00968nam a2200277 i 4500 |
| 003 - CONTROL NUMBER IDENTIFIER | |
| control field | EG-GICUC |
| 005 - DATE AND TIME OF LATEST TRANSACTION | |
| control field | 20260421114520.0 |
| 008 - FIXED-LENGTH DATA ELEMENTS--GENERAL INFORMATION | |
| fixed length control field | 260421s fre||||fr|||| 00| 0 fre d |
| 040 ## - CATALOGING SOURCE | |
| Original cataloging agency | EG-GiCUC |
| Language of cataloging | fre |
| Transcribing agency | EG-GiCUC |
| Modifying agency | EG-GiCUC |
| Description conventions | Rda |
| 082 04 - DEWEY DECIMAL CLASSIFICATION NUMBER | |
| Edition number | 21 |
| Classification number | 343 |
| Item number | LE.D |
| 092 04 - LOCALLY ASSIGNED DEWEY CALL NUMBER (OCLC) | |
| Edition number | 21 |
| 099 ## - LOCAL FREE-TEXT CALL NUMBER (OCLC) | |
| Classification number | Law1 10 343 LE.D 1966 |
| 100 1# - MAIN ENTRY--PERSONAL NAME | |
| Personal name | Lemontey, Jacques . |
| 245 ## - TITLE STATEMENT | |
| Title | Du Role De L'autorité Judiciaire Dans La Procédure D'extradition Passive / |
| Statement of responsibility, etc. | Jacques Lemontey. |
| 264 ## - PRODUCTION, PUBLICATION, DISTRIBUTION, MANUFACTURE, AND COPYRIGHT NOTICE | |
| Place of production, publication, distribution, manufacture | Paris : |
| Name of producer, publisher, distributor, manufacturer | Librairie Générale De Droit Et De Jurisprudence, |
| Date of production, publication, distribution, manufacture, or copyright notice | 1966. |
| 300 ## - PHYSICAL DESCRIPTION | |
| Extent | 253 page : |
| Dimensions | 24 cm. |
| 336 ## - CONTENT TYPE | |
| Source | rda contenu |
| Content type term | texte |
| 337 ## - MEDIA TYPE | |
| Source | rda medias |
| Media type term | Ordinateur |
| 338 ## - CARRIER TYPE | |
| Source | transporteur rda |
| Carrier type term | Ressource en ligne |
| 504 ## - BIBLIOGRAPHY, ETC. NOTE | |
| Bibliography, etc. note | Comprend des références bibliographiques et un index. |
| 650 1# - SUBJECT ADDED ENTRY--TOPICAL TERM | |
| Topical term or geographic name entry element | Sciences Criminelles |
| Source of heading or term | qrmak |
| 651 1# - SUBJECT ADDED ENTRY--GEOGRAPHIC NAME | |
| Source of heading or term | qrmak |
| 856 40 - ELECTRONIC LOCATION AND ACCESS | |
| Uniform Resource Identifier | <a href="https://fll.law.cu.edu.eg/fulltext/bks/B10-10069.pdf">https://fll.law.cu.edu.eg/fulltext/bks/B10-10069.pdf</a> |
| 905 ## - Cataloger and Reviser Names | |
| Cataloger Name: | Marihan Saeed |
| Revisor Name: | Eman |
| 942 ## - ADDED ENTRY ELEMENTS (KOHA) | |
| Source of classification or shelving scheme | Dewey Decimal Classification |
| Koha item type | Books |
| Edition | 21 |
| Suppress in OPAC | No |
| Withdrawn status | Lost status | Source of classification or shelving scheme | Damaged status | Not for loan | Collection | Home library | Current library | Date acquired | Total checkouts | Full call number | Barcode | Date last seen | Price effective from | Koha item type | Copy number |
|---|---|---|---|---|---|---|---|---|---|---|---|---|---|---|---|
| Dewey Decimal Classification | Damaged | Not for loan | القانون الجنائي | جــــامعة القــاهرة | مكتبة كلية الحقوق - المبنى الرئيسي | 21.04.2026 | Law1 10 343 LE.D 1966 1010069 C1 | B10-10069 | 21.04.2026 | 21.04.2026 | Books | ||||
| Dewey Decimal Classification | Damaged | القانون الجنائي | جــــامعة القــاهرة | مكتبة كلية الحقوق - المبنى الرئيسي | 21.04.2026 | Law1 10 343 LE.D 1966 1010068 C2 | B10-10068 | 21.04.2026 | 21.04.2026 | Books | |||||
| Dewey Decimal Classification | القانون الجنائي | مكتبة كلية الحقوق - فـرع الشيخ زايد | مكتبة كلية الحقوق - فـرع الشيخ زايد | 22.04.2026 | Law2 10 343.63 LE . R 1966 1010544 C3 | B10-10544 | 22.04.2026 | 22.04.2026 | Books | 3 |